| 000 | 01491cam a2200277 a 4500 | ||
|---|---|---|---|
| 001 | 14881721 | ||
| 003 | NUST | ||
| 005 | 20221028190736.0 | ||
| 008 | 070606s2007 nyua bf 001 0 eng | ||
| 010 | _a 2007930331 | ||
| 020 | _a9783540721215 (acidfree paper) | ||
| 040 |
_aDLC _cDLC _dDLC |
||
| 041 | 1 |
_aeng _hger _hrus |
|
| 050 | 0 | 0 |
_aQA40 _b.S6813 2007 |
| 082 | 0 | 0 |
_a510,BRO _222 |
| 100 |
_aBronshtein , I.N. _9101702 |
||
| 130 | 0 |
_aSpravochnik po matematike. _lEnglish. _9101703 |
|
| 245 | 1 | 0 |
_aHandbook of mathematics / _cI.N. Bronshtein ... [et al.]. |
| 250 | _a5th ed. | ||
| 260 |
_aBerlin ; _aNew York : _bSpringer, _cc2007. |
||
| 300 |
_axliii, 1159 p. : _bill. ; _c21 cm. |
||
| 505 | _aArithmetic (Page-1), Functions (Page-47), Geometry (Page-128), Linear Algebra (Page-251), Algebra and Discrete Mathematics (Page-286), Differentiation (Page-379), Infinite Series (page-404), Integral Calculus (Page-Differential Equations (Page-487), Calculus of Variations (Page-552), Functional Analysis (Page-596), Vector Analysis and Vector Fields (Page-642), Function Theory (Page-671), Integral Transformations (Page-707), Probability Theory and Mathematical Statistics (Page-745), Optimization (Page-846), Numerical Analysis (Page-884), Computer Algebra Systems (Page-9530, Tables (Page-1010), Bibliography (Page-1098). | ||
| 650 | 0 |
_aMathematics _vHandbooks, manuals, etc. _9101704 |
|
| 700 | 1 |
_aBronshteĭn, I. N. _q(Ilʹi︠a︡ Nikolaevich) _9101705 |
|
| 942 |
_2ddc _cBK _k510,BRO |
||
| 999 |
_c592093 _d592093 |
||